Beyond Diversity : Queer Politics, Activism, and Representation in Contemporary Japan.

Bibliographic Details
Main Author: Kawasaka, Kazuyoshi.
Other Authors: Würrer, Stefan.
Format: eBook
Language:English
Published: Düsseldorf : Walter de Gruyter GmbH, 2024.
Edition:1st ed.
Subjects:
Online Access:Click to View
LEADER 02302nam a22003613i 4500
001 EBC31361025
003 MiAaPQ
005 20240729202206.0
006 m o d |
007 cr cnu||||||||
008 240729s2024 xx o ||||0 eng d
020 |a 9783110767995  |q (electronic bk.) 
035 |a (MiAaPQ)EBC31361025 
035 |a (Au-PeEL)EBL31361025 
040 |a MiAaPQ  |b eng  |e rda  |e pn  |c MiAaPQ  |d MiAaPQ 
082 0 |a 305.8 
100 1 |a Kawasaka, Kazuyoshi. 
245 1 0 |a Beyond Diversity :  |b Queer Politics, Activism, and Representation in Contemporary Japan. 
250 |a 1st ed. 
264 1 |a Düsseldorf :  |b Walter de Gruyter GmbH,  |c 2024. 
264 4 |c {copy}2024. 
300 |a 1 online resource (202 pages) 
336 |a text  |b txt  |2 rdacontent 
337 |a computer  |b c  |2 rdamedia 
338 |a online resource  |b cr  |2 rdacarrier 
505 0 |a Intro -- Acknowledgments -- Notes on translation and transliteration -- Table of Contents -- List of Abbreviations -- Introduction: A new age of visibility? LGBTQ+ issues in contemporary Japan -- The progress of LGBT rights in Japan in the 2010s -- Same-sex partnerships in Japan: Would legalization mean deradicalization? -- LGBTQ human rights in Japanese laws and policies -- Being LGBT in disasters: Lived experiences from Japan -- Queer politics and solidarity: Post-Cold War homonationalism in East Asia -- Medals and conspiracies: Chinese and Japanese online trans-exclusionary discourses during the 2020 Tokyo Olympic Games -- Transcending the gendered body? Transphobia and the construction of the self in the writing of Shōno Yoriko -- Feeling the friction: Reworking Japanese film studies/criticism from a queer lens -- Contributors -- Index. 
588 |a Description based on publisher supplied metadata and other sources. 
590 |a Electronic reproduction. Ann Arbor, Michigan : ProQuest Ebook Central, 2024. Available via World Wide Web. Access may be limited to ProQuest Ebook Central affiliated libraries.  
655 4 |a Electronic books. 
700 1 |a Würrer, Stefan. 
776 0 8 |i Print version:  |a Kawasaka, Kazuyoshi  |t Beyond Diversity  |d Düsseldorf : Walter de Gruyter GmbH,c2024 
797 2 |a ProQuest (Firm) 
856 4 0 |u https://ebookcentral.proquest.com/lib/matrademy/detail.action?docID=31361025  |z Click to View